| 000 | 00738nam a22001937a 4500 | ||
|---|---|---|---|
| 999 |
_c179947 _d179947 |
||
| 005 | 20210719122916.0 | ||
| 010 | _aB-740613 | ||
| 020 |
_a9780143419716 _c250.00 |
||
| 035 | _aB-740613 | ||
| 037 | _bGift | ||
| 082 | _a650.130285 | ||
| 100 | _aFadia, Ankit | ||
| 245 |
_aSocial: _b50 ways to improve your professional life / _cby Ankit Fadia |
||
| 260 |
_c2014 _aGurgaon, Haryana _bPenguin Books |
||
| 270 |
_e122002 _a7th Floor, Infinity Tower C, DLF Cyber City _bGurgaon, Haryana |
||
| 300 |
_aviii, 253p.: _c20cm(pbk) _bill. |
||
| 942 |
_adpl _cEN _2ddc _h650.130285 _mFAD |
||